[Event "Bad Godesberg op 17th"]
[Site "Bad Godesberg"]
[Date "2013.08.07"]
[Round "5"]
[White "Gerhards, Bernd"]
[Black "Gelsok, Philipp"]
[Result "0-1"]
[WhiteElo "1804"]
[BlackElo "1728"]
[PlyCount "36"]
[EventDate "2013.08.03"]
[EventType "swiss"]
[EventRounds "9"]
[EventCountry "GER"]
[SourceTitle "CBM 155 Extra"]
[Source "ChessBase"]
[SourceDate "2013.08.26"]
[SourceVersion "1"]
[SourceVersionDate "2013.08.26"]
[SourceQuality "1"]

1. e4 e5 2. f4 exf4 3. Nf3 d5 4. exd5 Nf6 5. Bb5+ c6 6. dxc6 Nxc6 7. 0-0 Qb6+ 8. Kh1 Qxb5 9. Nc3 Qb6 10. d4 Bd6 11. d5 Ne7 12. Re1 0-0 13. h3 Nf5 14. Na4 Qc7 15. Nc3 Bd7 16. Qd3 Ng3+ 17. Kh2 Bf5 18. Qd4 a6 0-1

[Event "Bad Godesberg op 16th"]
[Site "Bad Godesberg"]
[Date "2012.07.09"]
[Round "3"]
[White "Gerhards, Bernd"]
[Black "Spreemann, Ralf"]
[Result "0-1"]
[WhiteElo "1797"]
[BlackElo "2026"]
[PlyCount "83"]
[EventDate "2012.07.07"]
[EventType "swiss"]
[EventRounds "9"]
[EventCountry "GER"]
[SourceTitle "CBM 149 Extra"]
[Source "ChessBase"]
[SourceDate "2012.08.24"]
[SourceVersion "1"]
[SourceVersionDate "2012.08.24"]
[SourceQuality "1"]

1. e4 c6 2. d4 d5 3. Nc3 dxe4 4. Nxe4 Nf6 5. Qd3 Nbd7 6. Bg5 Qa5+ 7. Bd2 Qb6 8. Nxf6+ Nxf6 9. 0-0-0 Be6 10. Kb1 0-0-0 11. Nf3 Bg4 12. Bf4 Bxf3 13. gxf3 e6 14. Rg1 g6 15. Be5 Be7 16. Bh3 Rhe8 17. c4 Nd7 18. Bg3 Bf6 19. b3 Qa5 20. Qc2 Bg7 21. Rge1 f5 22. Bh4 Bf6 23. Bxf6 Nxf6 24. Re5 Qc7 25. Qe2 Qf7 26. Qd2 b6 27. Bf1 Qf8 28. c5 Nd7 29. Ree1 Kb7 30. Qb4 a5 31. Qa4 Ra8 32. Rc1 b5 33. Bxb5 cxb5 34. Qxb5+ Kc7 35. Qc4 f4 36. c6 Qf5+ 37. Kb2 Nb6 38. Qc3 Reb8 39. Re5 Na4+ 40. Ka1 Nxc3 41. Rxf5 gxf5 42. Rxc3 0-1

[Event "Bad Godesberg op 16th"]
[Site "Bad Godesberg"]
[Date "2012.07.07"]
[Round "1"]
[White "Rotstein, Jefim"]
[Black "Gerhards, Bernd"]
[Result "1-0"]
[WhiteElo "2320"]
[BlackElo "1797"]
[PlyCount "65"]
[EventDate "2012.07.07"]
[EventType "swiss"]
[EventRounds "9"]
[EventCountry "GER"]
[SourceTitle "CBM 149 Extra"]
[Source "ChessBase"]
[SourceDate "2012.08.24"]
[SourceVersion "1"]
[SourceVersionDate "2012.08.24"]
[SourceQuality "1"]

1. d4 Nf6 2. Nf3 g6 3. g3 d5 4. Bg2 Bg7 5. 0-0 0-0 6. c4 c6 7. cxd5 cxd5 8. Nc3 Bf5 9. Qb3 b6 10. Ne5 e6 11. h3 h5 12. Bg5 Nbd7 13. g4 hxg4 14. hxg4 Qc7 15. Nb5 Qb8 16. Nc6 Qb7 17. Ne7+ Kh8 18. gxf5 gxf5 19. Rac1 Nc5 20. Qh3+ Nh7 21. dxc5 bxc5 22. Rxc5 Qb6 23. Rfc1 a6 24. Nc7 Rab8 25. b3 Bd4 26. e3 Bg7 27. Rc6 Qb4 28. Nxe6 fxe6 29. Ng6+ Kg8 30. Be7 Qd2 31. Nxf8 Nxf8 32. Qg3 Qb2 33. Qxb8 1-0

[Event "Bad Godesberg op 15th"]
[Site "Bad Godesberg"]
[Date "2011.07.28"]
[Round "6"]
[White "Gerhards, Bernd"]
[Black "Thierkopf, Guido"]
[Result "1-0"]
[WhiteElo "1676"]
[BlackElo "1578"]
[PlyCount "105"]
[EventDate "2011.07.23"]
[EventType "swiss"]
[EventRounds "9"]
[EventCountry "GER"]
[SourceTitle "EXT 2017"]
[Source "ChessBase"]
[SourceDate "2016.10.25"]
[SourceVersion "1"]
[SourceVersionDate "2016.10.25"]
[SourceQuality "1"]

1. e4 d5 2. exd5 Qxd5 3. Nc3 Qa5 4. d4 Nf6 5. Bc4 Bg4 6. f3 Bh5 7. Bd2 c6 8. Qe2 Qb6 9. 0-0-0 e6 10. g4 Bg6 11. h4 h6 12. h5 Bh7 13. Nh3 Be7 14. Rhe1 Nbd7 15. Nf4 0-0-0 16. d5 cxd5 17. Na4 Qd6 18. Bb3 Rhe8 19. Be3 Kb8 20. Kb1 Rc8 21. Qb5 Qc6 22. Qe2 Bb4 23. Rf1 a6 24. Nd3 Bd6 25. Rc1 b5 26. Nc3 Ne5 27. Nxe5 Bxe5 28. Nd1 Red8 29. f4 Bc7 30. Bd4 Ne4 31. Qe3 f6 32. Nc3 Kb7 33. Nxe4 Bxe4 34. g5 Bb6 35. gxf6 gxf6 36. Rg1 Rg8 37. Rxg8 Rxg8 38. Bxb6 Qxb6 39. Qh3 f5 40. Qh4 Qd8 41. Qf2 Qc7 42. Qh4 Qd8 43. Qf2 Kc6 44. a3 Qc7 45. Qh4 Kd6 46. Qf6 Qg7 47. Qh4 Rf8 48. Qf2 Kc6 49. Rg1 Qf7 50. Rg6 Rh8 51. Qd4 Qe8 52. Qe5 Kd7 53. Rg7+ 1-0

[Event "Bad Godesberg op 15th"]
[Site "Bad Godesberg"]
[Date "2011.07.27"]
[Round "5"]
[White "Huenting, Fabian"]
[Black "Gerhards, Bernd"]
[Result "0-1"]
[WhiteElo "750"]
[BlackElo "1676"]
[PlyCount "41"]
[EventDate "2011.07.23"]
[EventType "swiss"]
[EventRounds "9"]
[EventCountry "GER"]
[SourceTitle "EXT 2017"]
[Source "ChessBase"]
[SourceDate "2016.10.25"]
[SourceVersion "1"]
[SourceVersionDate "2016.10.25"]
[SourceQuality "1"]

1. d4 d6 2. Nf3 g6 3. Nc3 Bg7 4. e3 Nf6 5. e4 0-0 6. e5 dxe5 7. dxe5 Qxd1+ 8. Nxd1 Ng4 9. Bg5 Nxe5 10. Nxe5 Bxe5 11. Bxe7 Re8 12. Bg5 Bxb2+ 13. Be2 Bxa1 14. 0-0 Rxe2 15. Nb2 Bxb2 16. Rd1 Nc6 17. a4 Bc3 18. Rc1 Re8 19. h3 Re1+ 20. Kh2 Rxc1 21. Bxc1 0-1

[Event "Troisdorf op"]
[Site "Troisdorf"]
[Date "2008.11.24"]
[Round "7"]
[White "Gerhards, Bernd"]
[Black "Bonus, Christian"]
[Result "1-0"]
[WhiteElo "1638"]
[BlackElo "1459"]
[PlyCount "88"]
[EventDate "2008.10.14"]
[EventType "swiss"]
[EventRounds "7"]
[EventCountry "GER"]
[SourceTitle "EXT 2011"]
[Source "ChessBase"]
[SourceDate "2010.11.26"]
[SourceVersion "1"]
[SourceVersionDate "2010.11.26"]
[SourceQuality "1"]

1. e4 c5 2. Nf3 Nc6 3. Nc3 d6 4. d4 Bg4 5. dxc5 dxc5 6. Be3 e6 7. Bb5 Qc7 8. Qe2 a6 9. Bxc6+ Qxc6 10. a4 Nf6 11. h3 Nxe4 12. hxg4 Nxc3 13. bxc3 Qe4 14. g5 Be7 15. Rh4 Qc6 16. Rg4 f6 17. Rd1 Rd8 18. Rxd8+ Bxd8 19. Qc4 Be7 20. Re4 Qd5 21. Bxc5 Qxc4 22. Rxc4 b5 23. axb5 axb5 24. Rb4 Bxc5 25. Rxb5 Be7 26. Rb8+ Bd8 27. Nd4 Kd7 28. gxf6 gxf6 29. Ra8 e5 30. Nf5 h5 31. g3 Rg8 32. Ke2 Rg5 33. Ne3 Bb6 34. Nd5 Bd8 35. c4 f5 36. Ke3 Rg4 37. Kd3 f4 38. gxf4 exf4 39. Kd4 Rg8 40. Kc5 h4 41. Nf6+ Bxf6 42. Rxg8 h3 43. Rg1 Ke6 44. Rh1 Be7+ 1-0

[Event "Troisdorf op"]
[Site "Troisdorf"]
[Date "2008.11.18"]
[Round "6"]
[White "Bonus, Jonas"]
[Black "Gerhards, Bernd"]
[Result "0-1"]
[WhiteElo "1417"]
[BlackElo "1638"]
[PlyCount "56"]
[EventDate "2008.10.14"]
[EventType "swiss"]
[EventRounds "7"]
[EventCountry "GER"]
[SourceTitle "EXT 2011"]
[Source "ChessBase"]
[SourceDate "2010.11.26"]
[SourceVersion "1"]
[SourceVersionDate "2010.11.26"]
[SourceQuality "1"]

1. d4 Nf6 2. Nf3 e6 3. c4 c5 4. d5 d6 5. Bg5 Be7 6. Nc3 exd5 7. cxd5 0-0 8. Bxf6 Bxf6 9. e4 Qa5 10. Qc2 Na6 11. Bd3 Nb4 12. Qd2 Nxd3+ 13. Qxd3 b5 14. 0-0 Ba6 15. Qc2 b4 16. Ne2 Rfe8 17. Rfe1 Re7 18. Ng3 g6 19. a3 b3 20. Qd2 Qxd2 21. Nxd2 Bxb2 22. Rab1 Bc3 23. Red1 b2 24. Nb3 Rb8 25. Nc1 Reb7 26. Nce2 Bf6 27. Rd2 c4 28. Rc2 c3 0-1

[Event "Troisdorf op"]
[Site "Troisdorf"]
[Date "2007.11.06"]
[Round "3"]
[White "Gerhards, Bernd"]
[Black "Kinnert, Dieter"]
[Result "1-0"]
[WhiteElo "1792"]
[BlackElo "1791"]
[PlyCount "37"]
[EventDate "2007.10.16"]
[EventType "swiss"]
[EventRounds "5"]
[EventCountry "GER"]
[SourceTitle "EXT 2011"]
[Source "ChessBase"]
[SourceDate "2010.11.26"]
[SourceVersion "1"]
[SourceVersionDate "2010.11.26"]
[SourceQuality "1"]

1. e4 e6 2. Qe2 c5 3. Nf3 Nc6 4. c3 Qc7 5. g3 Be7 6. Bg2 b6 7. 0-0 h5 8. d4 h4 9. e5 Bb7 10. Bg5 Bxg5 11. Nxg5 cxd4 12. Na3 a6 13. Nc4 Nh6 14. Nd6+ Ke7 15. Qh5 g6 16. Qxh4 Nf5 17. Nxf5+ gxf5 18. Nh7+ Ke8 19. Nf6+ 1-0

[Event "Goch op 16th"]
[Site "Goch"]
[Date "2005.10.02"]
[Round "5"]
[White "Haverkamp, Klaus"]
[Black "Gerhards, Bernd"]
[Result "0-1"]
[WhiteElo "2046"]
[BlackElo "1789"]
[PlyCount "60"]
[EventDate "2005.09.30"]
[EventType "swiss"]
[EventRounds "7"]
[EventCountry "GER"]
[SourceTitle "EXT 2007"]
[Source "ChessBase"]
[SourceDate "2006.11.23"]
[SourceVersion "1"]
[SourceVersionDate "2006.11.23"]
[SourceQuality "1"]

1. e4 c5 2. c3 Nf6 3. e5 Nd5 4. d4 e6 5. c4 Nb6 6. d5 d6 7. exd6 Bxd6 8. Nc3 a6 9. Nf3 0-0 10. Be2 exd5 11. cxd5 Bg4 12. 0-0 Re8 13. a4 h6 14. h3 Bh5 15. Be3 N8d7 16. Re1 Nf6 17. Nd2 Bg6 18. Nc4 Qc7 19. Bf3 Nbd7 20. Qd2 Kh7 21. Nxd6 Qxd6 22. Bf4 Qb6 23. g4 Qb4 24. Kg2 Rac8 25. a5 Kg8 26. Kg3 b6 27. Be2 Ra8 28. Bd3 Bxd3 29. Qxd3 c4 30. Qd4 Nc5 0-1

[Event "Troisdorf op"]
[Site "Troisdorf"]
[Date "2002.11.19"]
[Round "4"]
[White "Gerhards, Bernd"]
[Black "Kvitko, Denis"]
[Result "0-1"]
[WhiteElo "1632"]
[BlackElo "1580"]
[PlyCount "52"]
[EventDate "2002.10.??"]
[EventType "swiss"]
[EventRounds "7"]
[EventCountry "GER"]
[SourceTitle "EXT 2005"]
[Source "ChessBase"]
[SourceDate "2004.11.15"]
[SourceVersion "1"]
[SourceVersionDate "2004.11.15"]
[SourceQuality "1"]

1. e4 e6 2. d4 d5 3. Nd2 c5 4. c3 Nc6 5. e5 cxd4 6. cxd4 Nxd4 7. Qa4+ Nc6 8. Ngf3 Bd7 9. Qb3 Qc7 10. Qe3 Nge7 11. Bd3 Ng6 12. Bxg6 hxg6 13. 0-0 0-0-0 14. a3 f6 15. b4 fxe5 16. h3 Be7 17. Bb2 e4 18. Nd4 e5 19. Nxc6 bxc6 20. Rfc1 Qb6 21. Qg3 Rdf8 22. Rf1 Bh4 23. Qxg6 Bxf2+ 24. Kh2 Qe3 25. Nf3 Rxf3 26. Rxf2 Qxf2 0-1